00517nam a22002057a 4500003000500000005001700005008004100022010001000063011001000073035001000083040000900093082001200102100002300114245004800137260003000185300001100215490002800226650002900254830002800283CHAP20220329140955.0971013s1962 r 00010 d a60746 a61718 a65886 cCHAP a515bH300aHawk, Minor Clyde. aTheory and problems of descriptive geometry aNew York :bSchaum,c1962 a212 p. aSchaum's outline series14aGeometría descriptiva.0 aSchaum's outline series